|
|
|
|
| LEADER |
00000cam a2200000 7i4500 |
| 001 |
0000085322 |
| 005 |
20040629.0 |
| 090 |
0 |
0 |
|a F
|b MAT
|
| 100 |
0 |
|
|a Noordin Ahmad
|
| 245 |
1 |
0 |
|a Mat Lanon [
|h video compact disc]
|c Noordin Ahmad
|
| 260 |
|
|
|a Singapore :
|b Cathay Kris Film ,
|c 19-
|
| 300 |
|
|
|a 2 Video compact disc (65 minutes) :
|b black and white
|
| 500 |
|
|
|a Library has 2 copies
|
| 520 |
0 |
|
|a General viewing for all ages (U)
|
| 650 |
0 |
0 |
|a General fiction, Malay
|
| 999 |
|
|
|a AV 08939
|b VIDEO COMPACT DISC
|c FICTION
|e PERPUSTAKAAN KOMUNITI PETALING JAYA
|
| 999 |
|
|
|a AV 08940
|b VIDEO COMPACT DISC
|c FICTION
|e PERPUSTAKAAN KOMUNITI PETALING JAYA
|